| 000 -LEADER |
| fixed length control field |
01949cam a2200373 a 4500 |
| 001 - CONTROL NUMBER |
| control field |
3575937 |
| 003 - CONTROL NUMBER IDENTIFIER |
| control field |
NUST |
| 005 - DATE AND TIME OF LATEST TRANSACTION |
| control field |
20180601074448.0 |
| 008 - FIXED-LENGTH DATA ELEMENTS--GENERAL INFORMATION |
| fixed length control field |
990422s1999 njua 100 0 eng |
| 010 ## - LIBRARY OF CONGRESS CONTROL NUMBER |
| LC control number |
99027206 |
| 020 ## - INTERNATIONAL STANDARD BOOK NUMBER |
| International Standard Book Number |
9810237855 (alk. paper) |
| 038 ## - RECORD CONTENT LICENSOR |
| Staff Name |
SNS Library |
| 040 ## - CATALOGING SOURCE |
| Original cataloging agency |
DLC |
| Transcribing agency |
DLC |
| Modifying agency |
DLC |
| 050 00 - LIBRARY OF CONGRESS CALL NUMBER |
| Classification number |
QC794.6.S85 |
| Item number |
T75 1998 |
| 082 00 - DEWEY DECIMAL CLASSIFICATION NUMBER |
| Classification number |
530.14 |
| Edition number |
21 |
| 100 ## - MAIN ENTRY--PERSONAL NAME |
| Personal name |
Edit: M. Duff B. Greene |
| 9 (RLIN) |
10786 |
| 111 2# - MAIN ENTRY--MEETING NAME |
| Meeting name or jurisdiction name as entry element |
Trieste Spring School |
| Date of meeting |
(1998 : |
| Location of meeting |
Trieste, Italy) |
| 9 (RLIN) |
10787 |
| 245 10 - TITLE STATEMENT |
| Title |
Nonperturbative aspects of strings, branes, and supersymmetry : |
| Remainder of title |
proceedings of the Spring School on nonperturbative aspects of string theory and supersymmetric gauge theories, ICTP, Trieste, Italy, 23-31 March, 1998 : proceedings of the Trieste Conference on Super-Five-Branes and Physics in 5 + 1 Dimensions, ICTP, Trieste, Italy, 1-3 April, 1998 / |
| Statement of responsibility, etc. |
editors, M. Duff ... [et al.]. |
| 260 ## - PUBLICATION, DISTRIBUTION, ETC. |
| Place of publication, distribution, etc. |
River Edge, N.J. : |
| Name of publisher, distributor, etc. |
World Scientific, |
| Date of publication, distribution, etc. |
c1999. |
| 300 ## - PHYSICAL DESCRIPTION |
| Extent |
xi, 454 p. : |
| Other physical details |
ill. ; |
| Dimensions |
22 cm. |
| 500 ## - GENERAL NOTE |
| General note |
"1998 Trieste Spring School"--Pref. |
| 500 ## - GENERAL NOTE |
| General note |
At head of title: The Abdus Salam International Centre for Theoretical Physics; United Nations Educational, Scientific and Cultural Organization; International Atomic Energy Agency. |
| 650 #0 - SUBJECT ADDED ENTRY--TOPICAL TERM |
| Topical term or geographic name entry element |
String models |
| Form subdivision |
Congresses. |
| 9 (RLIN) |
10788 |
| 650 #0 - SUBJECT ADDED ENTRY--TOPICAL TERM |
| Topical term or geographic name entry element |
Supersymmetry |
| Form subdivision |
Congresses. |
| 9 (RLIN) |
10789 |
| 650 #0 - SUBJECT ADDED ENTRY--TOPICAL TERM |
| Topical term or geographic name entry element |
Branes |
| Form subdivision |
Congresses. |
| 9 (RLIN) |
10790 |
| 700 1# - ADDED ENTRY--PERSONAL NAME |
| Personal name |
Duff, M. J. |
| 9 (RLIN) |
10791 |
| 710 2# - ADDED ENTRY--CORPORATE NAME |
| Corporate name or jurisdiction name as entry element |
Abdus Salam International Centre for Theoretical Physics. |
| 9 (RLIN) |
6606 |
| 710 2# - ADDED ENTRY--CORPORATE NAME |
| Corporate name or jurisdiction name as entry element |
Unesco. |
| 9 (RLIN) |
10792 |
| 710 2# - ADDED ENTRY--CORPORATE NAME |
| Corporate name or jurisdiction name as entry element |
International Atomic Energy Agency. |
| 9 (RLIN) |
10793 |
| 711 2# - ADDED ENTRY--MEETING NAME |
| Meeting name or jurisdiction name as entry element |
Trieste Conference on Super-Five-Branes and Physics in 5 + 1 Dimensions |
| Date of meeting |
(1998 : |
| Location of meeting |
Trieste, Italy) |
| 9 (RLIN) |
10794 |
| 906 ## - LOCAL DATA ELEMENT F, LDF (RLIN) |
| a |
7 |
| b |
cbc |
| c |
orignew |
| d |
1 |
| e |
ocip |
| f |
19 |
| g |
y-gencatlg |
| 942 ## - ADDED ENTRY ELEMENTS (KOHA) |
| Source of classification or shelving scheme |
|
| Koha item type |
Book |